000 nam a22 a 4500
999 _c427365
_d427365
003 BLK
005 20210809090548.0
008 210701b bu |||||||||| 00| | bu d
040 _aBLK
041 _aRUS
_cRUS
080 _aРуска литература
_b821.161.1
_x.09
_z821.161.1.09
080 _aРуски писател, драматург
_b929 Чехов, Антон Павлович
_z929 Чехов, Антон Павлович
139 _aЧехов в воспоминаниях современников
245 _aЧехов в воспоминаниях современников
_bСборник
_cПодгот. текста и коммент. Н. И. Гитович и И. В. Федорова
250 _a2 изд., доп.
260 _9438196
_aМосква
_bГослитиздат
_c1954
_n5-87444-
300 _a683 с.
_c21 см
_b10 л. ил
380 _aX
490 _9406877
_aСерия литературных мемуаров
501 _aСерия литературных мемуаров/ Под общ. ред. Н. Л. Бродского и др.
504 _aБиблиогр. в тексте
600 0 _9271119
_aЧехов, Антон Павлович
650 0 _9245764
_aПисатели, руски
650 7 _9177580
_aЧехов, Антон Павлович
653 7 _9181133
_aАнтон Чехов
653 7 _9197795
_aсъвременници
653 7 _9197141
_aспомени
700 _9635
_aГитович, Нина Ильинична
_eкомент.
700 _9635
_aФедоров, Иван Васильевич
_eкомент.
852 _aЦб 8.205.43926
_bО
942 _cKNG
_n0
_s1
944 _aCR
_c2021-08-09
_kК.Д.